| 000 | 00481cam a2200205ua 4500 | ||
|---|---|---|---|
| 001 | 8529 | ||
| 005 | 20260515114338.0 | ||
| 008 | 150205n ii |||gr||||Z||||||eng | ||
| 020 | _a9789380507316 | ||
| 040 | _cMAIN | ||
| 041 | _aeng | ||
| 082 | _a824 | ||
| 100 |
_aSharma, B. R., _eAuthor. |
||
| 245 | 1 |
_aHand book of collection essays _cBy B. R. Sharma |
|
| 250 | _a1st. | ||
| 260 |
_aNew Delhi: _bAjanta, _c2012. |
||
| 300 | _a342p. | ||
| 653 | _aEnglish essays | ||
| 942 | _cBK | ||
| 999 |
_c7624 _d7624 |
||